| 000 | 00581nmm a2200205Ia 4500 | ||
|---|---|---|---|
| 008 | 251105s9999||||xx |||||||||||||||||und|| | ||
| 020 | _a9788417761752 | ||
| 041 | _aspa | ||
| 100 | _aMazzanti, Marcelo E. | ||
| 245 | 0 | _aChernóbil 01:23:40 | |
| 264 |
_a[Madrid, España] : _bDuomo ediciones, _c2019 |
||
| 300 | _a288 páginas | ||
| 490 | _aNefelibata | ||
| 650 | _aHistory of Europe | ||
| 700 | _aMazzanti, Marcelo E. | ||
| 700 | 1 | _a Leatherbarrow, Andrew | |
| 700 | 1 | _a Alpuente Civera, Miguel | |
| 856 | _uhttps://public.digitaliapublishing.com/a/68073 | ||
| 942 | _cCF | ||
| 999 |
_c68682 _d68682 |
||